Top 15 Länder mit Covid-19-Todesfällen - 6. Feb 2021 - Statistiken

Allgemein
  • Dieses Quiz wurde 40 mal gespielt
  • Das Durchschnittsergebnis liegt bei 15 aus 24
Antwortstatistiken
Land % Korrekt
Deutschland
100%
Vereinigte Staaten
100%
Italien
97%
Spanien
97%
Vereinigtes Königreich
91%
Brasilien
89%
Frankreich
89%
Russland
86%
Indien
83%
Mexiko
83%
Argentinien
69%
Portugal
69%
Iran
57%
Belgien
54%
Peru
54%
Kolumbien
51%
Tschechien
46%
Südafrika
37%
Ungarn
37%
Kroatien
29%
Bosnien und Herzegowina
23%
Bulgarien
20%
Slowenien
20%
Nordmazedonien
14%
Keine übereinstimmenden Quizze gefunden
Verteilung der Resultate
Anzahl Personen mit jedem Resultat
Perzentil nach korrekt beantworteten Fragen
Ihre Resultats-Entwicklung
Sie haben dieses Quiz noch nicht gespielt